MARC details
| 000 -LEADER |
| fixed length control field |
00990nam a2200253 a 4500 |
| 008 - FIXED-LENGTH DATA ELEMENTS--GENERAL INFORMATION |
| fixed length control field |
111118s2000 ||||||||||||||||| || u |
| 020 ## - INTERNATIONAL STANDARD BOOK NUMBER |
| International Standard Book Number |
1563633302 |
| 022 ## - |
| -- |
0093-4461 |
| 050 ## - LIBRARY OF CONGRESS CALL NUMBER |
| Classification number |
RS 75 Med |
| 110 ## - MAIN ENTRY--CORPORATE NAME |
| Corporate name or jurisdiction name as entry element |
Medical Economics Company |
| 245 10 - TITLE STATEMENT |
| Title |
Physician's desk reference. -- (54th ed.) |
| Statement of responsibility, etc. |
[compiled by] Medical Economics Company |
| 246 ## - |
| -- |
PDR |
| 250 ## - EDITION STATEMENT |
| Edition statement |
54th ed. |
| 260 ## - PUBLICATION, DISTRIBUTION, ETC. |
| Place of publication, distribution, etc. |
Montvale, NJ |
| Name of publisher, distributor, etc. |
Medical Economics Company |
| Date of publication, distribution, etc. |
2000 |
| 300 ## - PHYSICAL DESCRIPTION |
| Extent |
v.: ill (began with 1974 issue) |
| 350 ## - |
| -- |
0.00 |
| 650 ## - SUBJECT ADDED ENTRY--TOPICAL TERM |
| Topical term or geographic name entry element |
PHARMACEUTICAL PREPARATIONS--UNITED STATES--CATALOGS |
| 650 ## - SUBJECT ADDED ENTRY--TOPICAL TERM |
| Topical term or geographic name entry element |
PHARMACEUTICAL PREPARATIONS--UNITED STATES--CATALOGUES |
| 650 ## - SUBJECT ADDED ENTRY--TOPICAL TERM |
| Topical term or geographic name entry element |
DICTIONARIES |
| 650 ## - SUBJECT ADDED ENTRY--TOPICAL TERM |
| Topical term or geographic name entry element |
DRUGS--ENCYCLOPEDIAS |
| 650 #0 - SUBJECT ADDED ENTRY--TOPICAL TERM |
| Topical term or geographic name entry element |
PHARMACY |
| 650 #0 - SUBJECT ADDED ENTRY--TOPICAL TERM |
| Topical term or geographic name entry element |
BIOLOGICAL PRODUCTS--UNITED STATES--CATALOGS |
| 995 ## - |
| -- |
MEDICAL LIBRARY OPEN ACCESS |
| -- |
0.00 |
| -- |
900697 |
| -- |
CBU-SCHOOL OF MEDICINE LIBRARY (Ndola) |
| -- |
1 |
| -- |
0.00 |
| -- |
RS 75 MED |
| -- |
1 |
| -- |
AVAILABLE |
| -- |
Nov 21, 2011 |
| -- |
900697 |
| -- |
Medical Library Open Access Collection |
| 999 ## - |
| -- |
32378 |
| -- |
32378 |